003590000a22001330004500060000800000082001200008100001600020245007400036250000600110260003100116260000900147300000800156650006100164 a100 a544 CAV aCaven, R.M. aSystematic qualitative analysis : for students of inorganic chemistry a3 aLondon, Blackie & sons ltd c1909 a262 aQualitative analysis/ inorganic chemistry/ acid radicles